[Event "Mataro-A"]
[Site "Mataro"]
[Date "2010.07.16"]
[Round "7"]
[White "Sanchez Nieto, Joan"]
[Black "Parramon Arimany, Marc"]
[Result "0-1"]
[WhiteElo "1752"]
[BlackElo "1883"]
[PlyCount "136"]
[EventDate "2010.07.10"]
[EventType "tourn"]
[EventRounds "9"]
[EventCountry "ESP"]
[SourceTitle "EXT 2011"]
[Source "ChessBase"]
[SourceDate "2010.11.26"]
[SourceVersion "1"]
[SourceVersionDate "2010.11.26"]
[SourceQuality "1"]

1. e4 c5 2. Nf3 Nc6 3. d4 cxd4 4. Nxd4 Nf6 5. Nc3 e5 6. Nb3 Bb4 7. Bd3 d5 8. exd5 Qxd5 9. 0-0 Bxc3 10. bxc3 0-0 11. c4 Qd8 12. Bg5 h6 13. Bh4 Kh8 14. Qd2 g5 15. Rfe1 e4 16. Bg3 exd3 17. cxd3 Bf5 18. Rad1 Re8 19. Rxe8+ Qxe8 20. Nc5 Qe7 21. d4 Rd8 22. Nb3 a5 23. d5 Ne4 24. Qb2+ f6 25. Re1 Nb4 26. Nc1 Qf7 27. a3 Nxd5 28. cxd5 Rxd5 29. Qb3 b5 30. h3 Qd7 31. Kh2 Kg7 32. h4 a4 33. Qf3 Nd2 34. Qe2 Nc4 35. hxg5 hxg5 36. Qf3 Bg4 37. Qc3 Rd4 38. Qb4 Be6 39. Ne2 Re4 40. f3 Re3 41. Nc3 Rxe1 42. Bxe1 g4 43. Qxb5 Qxb5 44. Nxb5 Bd7 45. Nc3 gxf3 46. gxf3 Nxa3 47. Kg2 Nc2 48. Kf2 a3 49. Bd2 Be6 50. Ke2 a2 51. Nxa2 Bxa2 52. Kd3 Na3 53. Bc3 Bb1+ 54. Ke3 Nc4+ 55. Kf4 Kg6 56. Bd4 f5 57. Bc3 Nb6 58. Be5 Nd5+ 59. Kg3 Bd3 60. f4 Kh5 61. Bd6 Nf6 62. Be5 Ne4+ 63. Kf3 Bc2 64. Bc7 Bd1+ 65. Ke3 Kg4 66. Kd4 Nf6 67. Bd8 Nh5 68. Ke3 Nxf4 0-1

[Event "Mataro-A"]
[Site "Mataro"]
[Date "2010.07.12"]
[Round "3"]
[White "Bimbatti Dorante, Gian Carlos"]
[Black "Sanchez Nieto, Joan"]
[Result "1/2-1/2"]
[WhiteElo "2048"]
[BlackElo "1752"]
[PlyCount "64"]
[EventDate "2010.07.10"]
[EventType "tourn"]
[EventRounds "9"]
[EventCountry "ESP"]
[SourceTitle "EXT 2011"]
[Source "ChessBase"]
[SourceDate "2010.11.26"]
[SourceVersion "1"]
[SourceVersionDate "2010.11.26"]
[SourceQuality "1"]

1. e4 Nf6 2. e5 Nd5 3. c4 Nb6 4. c5 Nd5 5. Bc4 e6 6. d4 d6 7. cxd6 cxd6 8. Nf3 Nc6 9. 0-0 Be7 10. Qe2 0-0 11. Rd1 Qc7 12. a3 Rd8 13. exd6 Bxd6 14. Bg5 Rf8 15. Nbd2 h6 16. Bh4 Nf4 17. Qf1 e5 18. Rac1 exd4 19. Ne4 Ne5 20. Bg3 Nxf3+ 21. gxf3 Be5 22. Qe1 Qe7 23. Qd2 Nh3+ 24. Kg2 Rd8 25. Re1 d3 26. Nd6 Qxd6 27. Rxe5 Qg6 28. Bd5 Bf5 29. Rc7 Rd7 30. Rxd7 Bxd7 31. Be4 Qf6 32. Bxd3 Ng5 1/2-1/2